01068nam a2200253 a 450000100060000000300080000600500170001400800410003103500190007204000420009104100080013308200260014111100770016724501660024426000570041030000250046749000560049250400360054865000490058470000500063371000350068371000400071883000560075851328BD-RjUL20211209075637.0160830s1961 riu b 101 0 eng  a(BD-RjUL)51448 aDLCcKKUdOCLdSERdEQOdBD-RjULbeng aeng a515.353223bPAR 19612 aSymposium in Pure Mathematicsn(4th :d1960 :cUniversity of California)10aPartial differential equations :bProceedings of the Fourth Symposium in Pure Mathematics of the American Mathematical Society /cCharles B. Morrey, Jr., editor. aProvidence :bAmerican Mathematical Society,cc1961. avi, 169 p. ;c26 cm.1 aProceedings of symposia in pure mathematics ;vv. 4 aIncludes bibliographies & index 0aDifferential equations, PartialvCongresses.1 aMorrey, Charles Bradfield, editord1907-1984.2 aAmerican Mathematical Society.2 aUniversity of California, Berkeley. 0aProceedings of symposia in pure mathematics ;vv. 4